|
|
|
|
| LEADER |
01571nam a2200421Ia 4500 |
| 001 |
EBC1024131 |
| 003 |
MiAaPQ |
| 005 |
20200520144314.0 |
| 006 |
m o d | |
| 007 |
cr cn||||||||| |
| 008 |
960827s1996 enk sb 001 0 eng d |
| 010 |
|
|
|z 96070156
|
| 020 |
|
|
|z 9780803976047
|
| 020 |
|
|
|z 9781446264836
|
| 020 |
|
|
|z 0803976038
|
| 020 |
|
|
|z 0803976046
|
| 035 |
|
|
|a (MiAaPQ)EBC1024131
|
| 035 |
|
|
|a (Au-PeEL)EBL1024131
|
| 035 |
|
|
|a (CaPaEBR)ebr10567098
|
| 035 |
|
|
|a (CaONFJC)MIL419227
|
| 035 |
|
|
|a (OCoLC)823717227
|
| 040 |
|
|
|a MiAaPQ
|c MiAaPQ
|d MiAaPQ
|
| 050 |
|
4 |
|a HV6768
|b .P85 1996
|
| 082 |
0 |
4 |
|a 364.16/8
|2 21
|
| 100 |
1 |
|
|a Punch, Maurice.
|
| 245 |
1 |
0 |
|a Dirty business
|h [electronic resource] :
|b exploring corporate misconduct : analysis and cases /
|c Maurice Punch.
|
| 260 |
|
|
|a London ;
|a Thousand Oaks, Calif. :
|b Sage Publications,
|c 1996.
|
| 300 |
|
|
|a xiii, 299 p.
|
| 504 |
|
|
|a Includes bibliographical references (p.[273]-289) and index.
|
| 533 |
|
|
|a Electronic reproduction. Ann Arbor, MI : ProQuest, 2015. Available via World Wide Web. Access may be limited to ProQuest affiliated libraries.
|
| 650 |
|
0 |
|a White collar crimes
|v Case studies.
|
| 650 |
|
0 |
|a Corporation law
|x Criminal provisions
|v Case studies.
|
| 650 |
|
0 |
|a Corporations
|x Corrupt practices
|v Case studies.
|
| 650 |
|
0 |
|a Fraud
|v Case studies.
|
| 650 |
|
0 |
|a Commercial crimes
|v Case studies.
|
| 655 |
|
4 |
|a Electronic books.
|
| 710 |
2 |
|
|a ProQuest (Firm)
|
| 856 |
4 |
0 |
|u https://ebookcentral.proquest.com/lib/matrademy/detail.action?docID=1024131
|z Click to View
|